Bank Negara Malaysia : pentadbiran pertukaran asing

Bibliographic Details
Corporate Author: Bank Negara Malaysia
Format: Book
Published: Kuala Lumpur : Bank Negara Malaysia , 2009
Subjects:

MARC

LEADER 00000cam a2200000 7i4500
001 0000030908
005 20110413.0
008 110413
090 0 0 |a 332.11209595   |b BAN 
110 1 |a Bank Negara Malaysia 
245 1 0 |a Bank Negara Malaysia :   |b pentadbiran pertukaran asing 
260 |a Kuala Lumpur :   |b Bank Negara Malaysia ,   |c 2009 
650 0 |a Banks and banking   |z Malaysia 
650 0 |a Foreign exchange   |z Malaysia 
999 |a 0001081255   |b Book   |c REFERENCE   |e Perbadanan Perpustakaan Awam Johor